<?xml version="1.0" encoding="UTF-8"?><?xml-stylesheet type="text/xsl" href="static/style.xsl"?><OAI-PMH xmlns="http://www.openarchives.org/OAI/2.0/" xmlns:xsi="http://www.w3.org/2001/XMLSchema-instance" xsi:schemaLocation="http://www.openarchives.org/OAI/2.0/ http://www.openarchives.org/OAI/2.0/OAI-PMH.xsd"><responseDate>2026-04-18T02:46:47Z</responseDate><request verb="GetRecord" identifier="oai:riubu.ubu.es:10259/8564" metadataPrefix="marc">https://riubu.ubu.es/oai/request</request><GetRecord><record><header><identifier>oai:riubu.ubu.es:10259/8564</identifier><datestamp>2025-02-24T23:42:06Z</datestamp><setSpec>com_10259_6158</setSpec><setSpec>com_10259_5086</setSpec><setSpec>com_10259_2604</setSpec><setSpec>com_10259_4438</setSpec><setSpec>com_10259_4437</setSpec><setSpec>com_10259.4_106</setSpec><setSpec>col_10259_6159</setSpec><setSpec>col_10259_4439</setSpec></header><metadata><record xmlns="http://www.loc.gov/MARC21/slim" xmlns:doc="http://www.lyncode.com/xoai" xmlns:xsi="http://www.w3.org/2001/XMLSchema-instance" xmlns:dcterms="http://purl.org/dc/terms/" xsi:schemaLocation="http://www.loc.gov/MARC21/slim http://www.loc.gov/standards/marcxml/schema/MARC21slim.xsd">
<leader>00925njm 22002777a 4500</leader>
<datafield tag="042" ind1=" " ind2=" ">
<subfield code="a">dc</subfield>
</datafield>
<datafield tag="720" ind1=" " ind2=" ">
<subfield code="a">Fernández Alonso, Alba</subfield>
<subfield code="e">author</subfield>
</datafield>
<datafield tag="260" ind1=" " ind2=" ">
<subfield code="c">2023</subfield>
</datafield>
<datafield tag="520" ind1=" " ind2=" ">
<subfield code="a">From July to December 1937, Langston Hughes travelled to Spain to cover the Civil War as a correspondent. The five months he spent travelling throughout Spain gave rise to a prolific repertoire on which the author left a manifest ideological imprint. His observations from within and the ideological perspectives revealed the potential of travel writing as a tool to re-examine the local and international boundaries critically. This paper navigates Hughes’ dispatches in wartime Spain, which distanced him from traditional journalistic practices by demonstrating a clear preference for the ordinary, and a subjective interpretation of the events driven by an unambiguous ideological affiliation to the Loyalist faction. The analysis of the texts sheds light on how international travel facilitated Black connections and on the importance of travel to the politics of Black internationalism.</subfield>
</datafield>
<datafield tag="024" ind2=" " ind1="8">
<subfield code="a">1364-5145</subfield>
</datafield>
<datafield tag="024" ind2=" " ind1="8">
<subfield code="a">http://hdl.handle.net/10259/8564</subfield>
</datafield>
<datafield tag="024" ind2=" " ind1="8">
<subfield code="a">10.1080/13645145.2023.2244178</subfield>
</datafield>
<datafield tag="024" ind2=" " ind1="8">
<subfield code="a">1755-7550</subfield>
</datafield>
<datafield ind1=" " ind2=" " tag="653">
<subfield code="a">Langston Hughes</subfield>
</datafield>
<datafield ind1=" " ind2=" " tag="653">
<subfield code="a">Travel writing</subfield>
</datafield>
<datafield ind1=" " ind2=" " tag="653">
<subfield code="a">Spanish Civil War</subfield>
</datafield>
<datafield ind1=" " ind2=" " tag="653">
<subfield code="a">Race</subfield>
</datafield>
<datafield ind1=" " ind2=" " tag="653">
<subfield code="a">Black internationalism</subfield>
</datafield>
<datafield tag="245" ind1="0" ind2="0">
<subfield code="a">“The connections between the enemy at home and the enemy in Spain”: Langston Hughes’ black internationalism in the Spanish Civil War</subfield>
</datafield>
</record></metadata></record></GetRecord></OAI-PMH>